01830nam a2200325 i 4500003000900000005001700009006001900026007000300045008004100048040003000089082001400119100004500133245008600178246002200264264007000286300002700356336002700383337003300410338002800443490003900471500005600510500009200566500014500658504003300803505044200836590002701278942001401305952016801319999001701487DO-SdBNP20230925095830.0a||||gr|||| 00| 0 ta230922e19411942|||||||| |||| 00| 0 spa d aDO-SdBNPbspacBNPHUerda 4222bH519e1 aHenríquez Vergez, Homero925209eautor13aLa existencia de un derecho internacional americano. /cHomero Henríquez Vergez13aTesis de Derecho. 1aCiudad Trujillo, República Dominicana :b"Cosmopolita",c[1942] a66 páginas ;c23 cm. 2rdacontentatextobtxt 2rdamediaasin mediaciónbn 2rdacarrieravolumenbnc aAño académico 1941 - 1942 :v7 aIncluye bibliografía y notas al pie de páginas. aTesis para el Doctorado. Universidad Autónoma de Santo Domingo. Facultad de Derecho.  a"La Universidad no se hace solidaria de las opiniones emitidas por el sustentante". (Ordenanza No. 21-40 de fecha 30 de septiembre de 1940). aBibliografía: página 66. aCapítulo I.tLa existencia e y Derecho Internacional Americano.gCapítulo II.tEl Padre Victoria y la génesis del Derecho Internacional de América.--gCapítulo III.tNacimiento y Desarrollo del Derecho Internacional Americano.--gCapítulo IV.tLos progresos del Derecho Internacional Americano desde 1889.--gCapítulo V.tEl Presidente Trujillo ante el Derecho Internacional de América.--tConclusiones.-- Bibliografía. aInventariado 2023 / MF 2ddccLBS1 00102ddc51708PDaBNPHUbBNPHUcCTd2014-12-22eDonado por Barbara Suncarl0oH519ep2023-6352r2023-09-22w2023-09-22yLBS1zEjemplar autografiado por el autor c54909d54909